[Event "2nd North Urals Cup"]
[Site "Krasnoturinsk RUS"]
[Date "2004.08.01"]
[Round "9"]
[White "Krush,I"]
[Black "Stefanova,A"]
[Result "1-0"]
[WhiteElo "2459"]
[BlackElo "2527"]

1.d4 d5 2.c4 c6 3.Nf3 Nf6 4.e3 Bg4 5.Qb3 Qc7 6.Ne5 Be6 7.Nc3 Nbd7 8.Nxd7 Qxd7
9.cxd5 Nxd5 10.e4 Nxc3 11.Qxc3 f5 12.f3 Bf7 13.Bc4 Bxc4 14.Qxc4 fxe4 15.fxe4 Rd8
16.Be3 Qg4 17.Qc2 e5 18.O-O exd4 19.Qc4 Qd7 20.Bg5 Rc8 21.Rf5 Bd6 22.Raf1 b5
23.Qb3 h6 24.Bh4 g5 25.Rf7 gxh4 26.Rxd7 Kxd7 27.Rf7+ Be7 28.Qb4 c5 29.Qxb5+ Kd8
30.e5 Re8 31.e6 Rc7 32.Qb8+ Rc8 33.Qd6+  1-0

[Event "115th NY Masters"]
[Site "New York USA"]
[Date "2004.08.31"]
[Round "2"]
[White "Krush,I"]
[Black "Gustafsson,J"]
[Result "0-1"]
[WhiteElo "2459"]
[BlackElo "2611"]

1.d4 d5 2.c4 c6 3.Nf3 Nf6 4.e3 a6 5.Bd3 Bg4 6.Nbd2 e6 7.Qc2 Nbd7 8.b3 Bh5
9.O-O Bg6 10.e4 dxe4 11.Nxe4 Nxe4 12.Bxe4 Bd6 13.Bb2 Bxe4 14.Qxe4 O-O 15.Rad1 a5
16.Rfe1 Nf6 17.Qc2 Re8 18.Ne5 a4 19.Re3 axb3 20.axb3 Qc7 21.Rh3 h6 22.Re1 Ra2
23.Ra1 Qa5 24.Rb1 c5 25.Nf3 cxd4 26.Nxd4 Be5 27.Rd3 Rd8 28.Qd1 Rxb2 29.Rxb2 Bxd4
30.b4 Qg5 31.h4 Qxh4 32.g3 Qe4 33.Re2 Qxd3  0-1

[Event "Accoona Women's Match"]
[Site "New York USA"]
[Date "2004.09.16"]
[Round "2"]
[White "Krush,I"]
[Black "Skripchenko,A"]
[Result "1/2-1/2"]
[WhiteElo "2459"]
[BlackElo "2453"]

1.d4 Nf6 2.c4 e6 3.Nc3 Bb4 4.Qc2 O-O 5.Bg5 h6 6.Bh4 c5 7.dxc5 Na6 8.a3 Bxc3+
9.Qxc3 Nxc5 10.Bxf6 Qxf6 11.Qxf6 gxf6 12.b4 Na4 13.e3 b6 14.Nf3 Ba6 15.Rc1 Rac8
16.Kd2 Rc7 17.Nd4 Rfc8 18.c5 Bxf1 19.Rhxf1 bxc5 20.Nb5 Rc6 21.Nxa7 Rd6+ 22.Ke2 Rb8
23.Rfd1 Rxd1 24.Kxd1 cxb4 25.axb4 Rxb4 26.Ke2 Rb2+ 27.Kf3 Nb6 28.Rc7 f5 29.Nc8 Nd5
30.Rxd7 Nf6 31.Rd8+ Kg7 32.Nd6 Ng4 33.h3 Ne5+ 34.Kg3 h5 35.f4 Ng6 36.Rd7 h4+
37.Kf3 Nh8 38.Nc4 Rb1 39.Ne5 Kg8 40.Rd8+ Kg7 41.Rd7 Re1 42.Kf2 Ra1 43.Rb7 Ra2+
44.Kf3 Rc2 45.Ra7 Kf6 46.Rb7 Rc8 47.Nd7+ Kg7 48.Ne5 Kg8 49.Ra7 Rf8 50.Rb7 Rd8
51.Ra7 Rb8 52.Rc7 Ra8 53.Rb7 Kg7 54.Rc7 Rf8 55.Ra7 Kh6 56.Nd7 Rg8 57.Ne5 Rg7
58.Ra8 Kh7 59.Rf8 Rg3+ 60.Kf2 Kg7 61.Ra8 f6 62.Ra7+ Kg8 63.Ra8+ Kh7 64.Nf3 Rg7
65.Nxh4 Rb7 66.Re8 Rb6 67.Nf3 Ng6 68.Nd4 Rb2+ 69.Kg3 e5 70.Nxf5 Rb3 71.Kg4 exf4
72.exf4 Rb4 73.g3 Ne5+ 74.Kh5 Ng6 75.Ra8 Rb7 76.Ra6 Rf7 77.Nd6 Rd7 78.Nf5 Rf7
79.Nd6 Rd7  1/2-1/2

[Event "ch-FRA Top 16 GpA"]
[Site "Noyon FRA"]
[Date "2005.04.01"]
[Round "5"]
[White "Chuchelov,V"]
[Black "Krush,I"]
[Result "1/2-1/2"]
[WhiteElo "2571"]
[BlackElo "2466"]

1.Nf3 d5 2.d4 Nf6 3.c4 dxc4 4.e3 Bg4 5.Bxc4 e6 6.Nc3 a6 7.h3 Bh5 8.g4 Bg6
9.Ne5 Nbd7 10.Nxg6 hxg6 11.g5 Nd5 12.Nxd5 exd5 13.Bxd5 c6 14.Bc4 Nb6 15.Bf1 Qxg5
16.Qb3 Qd5 17.Qxb6 Qxh1 18.Qxb7 Rd8 19.Bd2 Bd6 20.Rc1 Rxh3 21.Qxc6+ Ke7 22.Ke2 Rh2
23.Qxh1 Rxh1 24.Rc6 Rb8 25.b3 Rb5 26.e4 a5 27.e5 Bb4 28.Bg5+ Kd7 29.Ra6 Rb8
30.Bg2 Re1+ 31.Kd3 Rd1+ 32.Ke3 Re1+ 33.Kd3 Rd1+ 34.Ke3 Re1+ 35.Kf3 Rh8 36.Kg3 f6
37.Be3 Ke7 38.Ra7+ Ke6 39.Rxg7 fxe5 40.Rxg6+ Kf7 41.Rg5 exd4 42.Bxd4 Rd8
43.Bd5+  1/2-1/2

[Event "3 Arrows Cup"]
[Site "Jinan CHN"]
[Date "2005.04.15"]
[Round "4"]
[White "Hou Yifan"]
[Black "Krush,I"]
[Result "0-1"]
[WhiteElo "2158"]
[BlackElo "2455"]

1.e4 c5 2.Nf3 d6 3.d4 cxd4 4.Nxd4 Nf6 5.Nc3 Nc6 6.Bg5 Qb6 7.Nb3 e6 8.Be2 Be7
9.O-O O-O 10.Qe1 a6 11.Rd1 Qc7 12.f4 b5 13.a3 b4 14.axb4 Nxb4 15.Qf2 Bb7
16.Bf3 Rac8 17.Kh1 h6 18.Bh4 d5 19.e5 Ne4 20.Bxe4 Bxh4 21.Qxh4 dxe4 22.Nd4 Rfd8
23.Nce2 Qb6 24.c3 Nd3 25.f5 Nxe5 26.fxe6 fxe6 27.Qf4 Nf3 28.gxf3 exf3 29.Nxf3 Rxd1
30.Rxd1 Rf8 31.Qd4 Bxf3+  0-1

[Event "3 Arrows Cup"]
[Site "Jinan CHN"]
[Date "2005.04.16"]
[Round "5"]
[White "Krush,I"]
[Black "Andriasian,S"]
[Result "1-0"]
[WhiteElo "2455"]
[BlackElo "2263"]

1.d4 Nf6 2.c4 d6 3.Nc3 Nbd7 4.e4 e5 5.Nf3 Be7 6.Be2 O-O 7.O-O exd4 8.Nxd4 Nc5
9.f3 a5 10.Be3 c6 11.Qd2 Re8 12.Rad1 Qc7 13.b3 Bf8 14.Kh1 Be6 15.g4 Red8
16.g5 Ne8 17.f4 Bh3 18.Rg1 d5 19.cxd5 Nd6 20.Bf3 Re8 21.e5 Nc8 22.d6 Qd7
23.Qf2 Ne6 24.Nde2 g6 25.Ne4 Bg7 26.Nf6+ Bxf6 27.gxf6 a4 28.b4 a3 29.Qh4 Bf5
30.Qh6 Kh8 31.Nd4 Rg8 32.Nxf5 gxf5 33.Rxg8+ Kxg8 34.Rg1+ Kh8 35.Rg7  1-0

[Event "33rd World Open"]
[Site "Philadelphia USA"]
[Date "2005.06.28"]
[Round "1"]
[White "Krush,I"]
[Black "Duncan,J"]
[Result "1-0"]
[WhiteElo "2455"]
[BlackElo "2147"]

1.d4 e6 2.c4 Nf6 3.Nc3 d5 4.cxd5 exd5 5.Bg5 Be7 6.e3 O-O 7.Bd3 c6 8.Qc2 Nbd7
9.Nf3 Re8 10.O-O Nf8 11.h3 Ng6 12.Bxf6 Bxf6 13.b4 Qd6 14.Rab1 Bd7 15.Na4 Rac8
16.Nc5 Rc7 17.Rfc1 Bc8 18.a4 Bd8 19.Bf5 Bxf5 20.Qxf5 Nh4 21.Nxh4 Bxh4 22.Nd3 Re4
23.b5 g6 24.Qf3 Ree7 25.Qf4 Qxf4 26.Nxf4 Bg5 27.Nd3 Re6 28.Nb4 Rd6 29.bxc6 bxc6
30.Na6 Rcd7 31.Rb8+ Kg7 32.a5 f5 33.g3 Re7 34.Kg2 Red7 35.Nc5 Rf7 36.a6 Bf6
37.Rcb1 Bg5 38.R1b7  1-0

[Event "Canadian Open"]
[Site "Edmonton CAN"]
[Date "2005.07.12"]
[Round "4"]
[White "Krush,I"]
[Black "Shirov,A"]
[Result "0-1"]
[WhiteElo "2452"]
[BlackElo "2705"]

1.d4 Nf6 2.c4 e6 3.Nc3 Bb4 4.Qc2 O-O 5.a3 Bxc3+ 6.Qxc3 b6 7.Nf3 Bb7 8.Bg5 d6
9.Nd2 Nbd7 10.e3 Rc8 11.f3 c5 12.dxc5 Rxc5 13.Bh4 b5 14.b4 Rc6 15.Nb3 bxc4
16.Na5 Rc7 17.Nxb7 Rxb7 18.Bxc4 Rc7 19.Qd4 e5 20.Qd3 e4 21.Qe2 Ne5 22.Bb5 exf3
23.gxf3 Qc8 24.O-O Rc2 25.Qd1 Nd5 26.Qe1 Nc3 27.a4 a6 28.Be7 axb5 29.Bxf8 Qh3  0-1

[Event "It"]
[Site "Montreal CAN"]
[Date "2005.08.11"]
[Round "8"]
[White "Krush,I"]
[Black "Bluvshtein,M"]
[Result "1-0"]
[WhiteElo "2452"]
[BlackElo "2525"]

1.d4 Nf6 2.c4 e6 3.Nc3 Bb4 4.Qc2 c5 5.dxc5 O-O 6.a3 Bxc5 7.Nf3 b6 8.Bf4 Bb7
9.Rd1 Nc6 10.b4 Nh5 11.Bc1 Be7 12.e4 a5 13.b5 Nb8 14.Be2 Qc7 15.e5 g6 16.Ne4 f6
17.exf6 Nxf6 18.Nxf6+ Bxf6 19.Be3 d5 20.h4 Qe7 21.h5 g5 22.Rh3 Kh8 23.Rg3 Rg8
24.Nd4 Nd7 25.Nc6 Qd6 26.cxd5 exd5 27.Qf5 Raf8 28.Qxd5 Qxd5 29.Rxd5 Nb8 30.Bxg5 Nxc6
31.bxc6 Bxc6 32.Bxf6+ Rxf6 33.Rxg8+ Kxg8 34.Rg5+ Kf8 35.g3 Bd7 36.Rd5 Ke7
37.f4 h6 38.Kd2 Bc6 39.Re5+ Re6 40.Rxe6+ Kxe6 41.g4 Be8 42.g5 Kf7 43.Ke3 b5
44.Kd4 b4 45.axb4 axb4 46.Kc4 hxg5 47.fxg5 Ke6 48.h6 Bg6 49.Bd3  1-0

[Event "It"]
[Site "Montreal CAN"]
[Date "2005.08.14"]
[Round "11"]
[White "Mikhalevski,V"]
[Black "Krush,I"]
[Result "1-0"]
[WhiteElo "2572"]
[BlackElo "2452"]

1.d4 d5 2.c4 dxc4 3.Nf3 Nf6 4.e3 e6 5.Bxc4 c5 6.O-O a6 7.dxc5 Qxd1 8.Rxd1 Bxc5
9.Be2 b6 10.Nbd2 Nbd7 11.Nc4 Bb7 12.b3 O-O 13.Bb2 Bd5 14.Nfe5 Nxe5 15.Nxe5 Rfc8
16.Rac1 Kf8 17.Kf1 Ke8 18.Nd3 Be7 19.f3 g6 20.Ne5 b5 21.e4 Bb7 22.a4 bxa4
23.bxa4 Rxc1 24.Rxc1 Rb8 25.Bd4 Rd8 26.Be3 Bd6 27.Nc4 Nh5 28.g4 Ng7 29.Rb1 Bc8
30.Nxd6+ Rxd6 31.Bh6  1-0

[Event "Winter Invitational"]
[Site "Chicago USA"]
[Date "2006.01.09"]
[Round "2"]
[White "Krush,I"]
[Black "Young,A PHI"]
[Result "0-1"]
[WhiteElo "2447"]
[BlackElo "2380"]

1.d4 e6 2.c4 b6 3.a3 g6 4.Nc3 Bg7 5.e4 Ne7 6.Bg5 O-O 7.Nf3 f6 8.Be3 Bb7 9.Bd3 f5
10.e5 f4 11.Bd2 Bxf3 12.Qxf3 Nbc6 13.Qe4 Nf5 14.Ne2 d5 15.exd6 Ncxd4 16.dxc7 Qxc7
17.Bxf4 Nd6 18.Bxd6 Qxd6 19.Rd1 Rad8 20.h4 Nb3 21.Bc2 Nd2 22.Qg4 Bxb2 23.h5 Bxa3
24.Rh3 Bb4 25.Nc3 Qe5+ 26.Re3 Qf6 27.Qg3 Bd6  0-1

[Event "Winter Invitational"]
[Site "Chicago USA"]
[Date "2006.01.10"]
[Round "3"]
[White "Krush,I"]
[Black "Goletiani,R"]
[Result "1/2-1/2"]
[WhiteElo "2447"]
[BlackElo "2378"]

1.d4 Nf6 2.c4 e6 3.Nc3 c5 4.d5 exd5 5.cxd5 d6 6.e4 g6 7.f4 Bg7 8.Bb5+ Nfd7
9.a4 a6 10.Bd3 Qh4+ 11.g3 Qd8 12.Nf3 O-O 13.O-O Nf6 14.Kg2 Bg4 15.h3 Bxf3+
16.Qxf3 Nbd7 17.Bd2 Re8 18.Rae1 Rc8 19.b3 Nb6 20.e5 dxe5 21.fxe5 Nfxd5 22.Nxd5 Qxd5
23.Qxd5 Nxd5 24.Bc4 Rcd8 25.Rd1 Rxe5 26.Bc1 b5 27.axb5 axb5 28.Bxb5 Re4 29.Bg5 Rd6
30.Bc4 Bd4 31.Bh6 Rd7 32.Kf3 Re5 33.Rfe1 Rde7 34.Rxe5 Rxe5 35.Rd2 Rf5+ 36.Kg2 Nb4
37.Re2 Re5 38.Rxe5 Bxe5 39.Kf3 Bg7 40.Be3 Bf8 41.Ke4 Kg7 42.Bd2 Na2 43.g4 h6
44.Bd3 Kf6 45.Bb1 Nb4 46.Bxb4 cxb4 47.Bd3 Kg5 48.Bc4 f6 49.Bf7 h5 50.Kf3 Bd6
51.Be6 Kh4 52.Kg2 Be5 53.Bd7 Kg5 54.Kf3 f5 55.gxf5 gxf5 56.Bc8 h4  1/2-1/2

[Event "Winter Invitational"]
[Site "Chicago USA"]
[Date "2006.01.11"]
[Round "5"]
[White "Krush,I"]
[Black "Mitkov,N"]
[Result "1/2-1/2"]
[WhiteElo "2447"]
[BlackElo "2552"]

1.d4 Nf6 2.c4 e6 3.Nc3 Bb4 4.Qc2 O-O 5.a3 Bxc3+ 6.Qxc3 d6 7.Bg5 Nbd7 8.e3 b6
9.f3 Ba6 10.Nh3 Rc8 11.b4 c5 12.dxc5 bxc5 13.b5 Bb7 14.Be2 h6 15.Bh4 Ne4
16.Bxd8 Nxc3 17.Be7 Rfe8 18.Bxd6 e5 19.Rc1 Nxe2 20.Kxe2 Nb6 21.Nf2 f6 22.a4 Red8
23.a5 Rxd6 24.axb6 Rxb6 25.Ra1 a6 26.Rhb1 Rb8 27.Nd3 axb5 28.Nxc5 Bc8 29.Ne4 Bf5
30.Rxb5 Rxb5 31.cxb5 Bxe4 32.fxe4 Rxb5 33.Ra7 Kh7 34.Kf3 h5 35.Rc7 Kh6 36.Ra7 Rb4
37.Rf7 Ra4 38.h3 Ra6 39.Rc7 g6 40.Rc5 Kg5 41.Rb5 Kh4 42.Rb8 Kg5 43.Rb5 Ra2
44.Rc5 Kh4 45.Rc8 Kg5 46.Rc5 Rb2 47.Ra5 Kh4 48.Ra8  1/2-1/2

[Event "37th Olympiad w"]
[Site "Turin ITA"]
[Date "2006.05.23"]
[Round "3"]
[White "Perez Rodriguez,Je"]
[Black "Krush,I"]
[Result "0-1"]
[WhiteElo "2263"]
[BlackElo "2437"]

1.e4 c5 2.c3 d5 3.exd5 Qxd5 4.d4 Nf6 5.Nf3 e6 6.Bd3 Be7 7.O-O O-O 8.Be3 Nc6
9.a3 b6 10.c4 Qd7 11.dxc5 bxc5 12.Nc3 Rd8 13.Be4 Qc7 14.Qc2 Nxe4 15.Qxe4 f5
16.Qc2 Bb7 17.Nb5 Qb6 18.Rad1 a6 19.Nc3 Nd4 20.Bxd4 cxd4 21.Na4 Qc6 22.c5 Bf6
23.Nb6 Rab8 24.Qc4 Kh8 25.b4 e5 26.a4 Qc7 27.Qe6 e4 28.Ne1 a5 29.b5 Qxc5
30.Nd7 Qc8 31.Qxf5 Qxd7  0-1

[Event "37th Olympiad w"]
[Site "Turin ITA"]
[Date "2006.05.27"]
[Round "6"]
[White "Mongontuul,B"]
[Black "Krush,I"]
[Result "1/2-1/2"]
[WhiteElo "2378"]
[BlackElo "2437"]

1.e4 c5 2.Nf3 d6 3.d4 cxd4 4.Nxd4 Nf6 5.Nc3 Nc6 6.f3 e5 7.Nb3 Be7 8.Be3 O-O
9.Qd2 a5 10.Bb5 Na7 11.Bd3 Nc6 12.Bb5 Na7 13.Bd3 Nc6 14.Bb5 Na7  1/2-1/2

[Event "37th Olympiad w"]
[Site "Turin ITA"]
[Date "2006.05.28"]
[Round "7"]
[White "Swathi,G"]
[Black "Krush,I"]
[Result "0-1"]
[WhiteElo "2262"]
[BlackElo "2437"]

1.e4 c5 2.Nf3 d6 3.d4 cxd4 4.Nxd4 Nf6 5.Nc3 Nc6 6.Bg5 e6 7.Qd2 Qb6 8.Nb3 Be7
9.O-O-O O-O 10.f3 Rd8 11.Nb5 Rd7 12.Qe1 a6 13.Be3 Qd8 14.N5d4 a5 15.a4 e5
16.Nf5 d5 17.Nxe7+ Qxe7 18.Bc5 Qe8 19.exd5 Rxd5 20.Bb5 Bd7 21.Rxd5 Nxd5 22.Qd2 Ncb4
23.Bxb4 Bxb5 24.Qxd5 Bc6 25.Qc5 axb4 26.a5 Ba4 27.Qb6 Bxb3 28.cxb3 Qc8+ 29.Kd2 Qd7+
30.Ke2 e4 31.fxe4 Qg4+ 32.Ke3 Qxg2 33.Qxb7 Rd8  0-1

[Event "37th Olympiad w"]
[Site "Turin ITA"]
[Date "2006.06.02"]
[Round "11"]
[White "Srebrnic,A"]
[Black "Krush,I"]
[Result "1/2-1/2"]
[WhiteElo "2302"]
[BlackElo "2437"]

1.Nf3 d5 2.d4 Nf6 3.c4 dxc4 4.e3 e6 5.Bxc4 c5 6.O-O a6 7.dxc5 Qxd1 8.Rxd1 Bxc5
9.b3 b6 10.Bb2 Nbd7 11.Nbd2 Bb7 12.Be2 O-O 13.Nc4 Bd5 14.Nce5 Nxe5 15.Nxe5 Rfd8
16.Nd3 Be7 17.Bd4 b5 18.Nf4 Bb7 19.a4 b4 20.a5 Nd7 21.Bb2 Nc5 22.Bc4 Ne4
23.Bd4 Nd6 24.Be2 g5 25.Nh5 f5 26.Nf6+ Kf7 27.Bh5+ Kf8 28.Nxh7+ Kg8 29.Nf6+ Kf8
30.Nh7+ Kg8 31.Nf6+ Kf8 32.Nh7+  1/2-1/2

[Event "37th Olympiad w"]
[Site "Turin ITA"]
[Date "2006.06.04"]
[Round "13"]
[White "Krush,I"]
[Black "Kachiani,K"]
[Result "1/2-1/2"]
[WhiteElo "2437"]
[BlackElo "2421"]

1.d4 d5 2.c4 c6 3.Nf3 Nf6 4.Nc3 dxc4 5.e3 b5 6.a4 b4 7.Ne2 e6 8.Ng3 c5 9.Bxc4 Bb7
10.O-O Nbd7 11.Re1 Qc7 12.b3 h5 13.h3 h4 14.Nf1 Ne4 15.Bb2 Nc3 16.Bxc3 bxc3
17.Rc1 Be7 18.N1h2 O-O 19.Qd3 cxd4 20.exd4 Nb6 21.Qxc3  1/2-1/2

[Event "Match"]
[Site "Dortmund GER"]
[Date "2006.08.01"]
[Round "3"]
[White "Paehtz,E"]
[Black "Krush,I"]
[Result "1/2-1/2"]
[WhiteElo "2456"]
[BlackElo "2436"]

1.e4 c5 2.Nf3 Nc6 3.d4 cxd4 4.Nxd4 Nf6 5.Nc3 d6 6.Bc4 Na5 7.Bb5+ Bd7 8.Qe2 Rc8
9.Nb3 a6 10.Bd3 e5 11.Bd2 Nxb3 12.axb3 Be6 13.O-O Be7 14.Nd1 O-O 15.c4 Nd7
16.Ba5 Qe8 17.Ne3 Bd8 18.Bc3 Bb6 19.Nf5 Bxf5 20.exf5 Nf6 21.b4 Qc6 22.c5 dxc5
23.bxc5 Bxc5 24.Qxe5 Qb6 25.Ra4 Rfe8 26.Qg3 Bd6 27.Qf3 Be5 28.Bxe5 Rxe5 29.Rb1 h6
30.g3 Rd5 31.Rc4 Rxc4 32.Bxc4 Rd2 33.b3 Qd4 34.Re1 b5 35.Bf1 Qd5  1/2-1/2

[Event "Match"]
[Site "Dortmund GER"]
[Date "2006.08.05"]
[Round "5"]
[White "Paehtz,E"]
[Black "Krush,I"]
[Result "0-1"]
[WhiteElo "2456"]
[BlackElo "2436"]

1.e4 c5 2.Nf3 Nc6 3.d4 cxd4 4.Nxd4 Nf6 5.Nc3 d6 6.Bg5 e6 7.Qd2 Be7 8.O-O-O O-O
9.f3 d5 10.exd5 Nxd5 11.Bxe7 Ncxe7 12.Nxd5 Nxd5 13.c4 Nb6 14.Nb5 Bd7 15.Qf4 Qe7
16.Nd6 Bc6 17.Bd3 Rfd8 18.Bc2 e5 19.Nf5 Qf6 20.Qg4 g6 21.Ng3 Kf8 22.Ne4 Qe7
23.Ng5 h6 24.Nh3 Bd7 25.Qe4 Rac8 26.Kb1 Nxc4 27.g4 Be6 28.Bb3 Qc5 29.Bxc4 Qxc4
30.Qxc4 Bxc4 31.Rxd8+ Rxd8 32.Re1 f6 33.b3 Bd5 34.Re3 Bc6 35.Kc2 Rd4 36.Ng1 Rf4
37.Kd3 Kf7 38.a4 a5 39.Kd2 e4 40.fxe4 Rxg4  0-1

[Event "Match"]
[Site "Dortmund GER"]
[Date "2006.08.06"]
[Round "6"]
[White "Krush,I"]
[Black "Paehtz,E"]
[Result "1/2-1/2"]
[WhiteElo "2436"]
[BlackElo "2456"]

1.d4 e6 2.c4 Bb4+ 3.Nc3 b6 4.e3 Bb7 5.Ne2 f5 6.a3 Bd6 7.d5 Nf6 8.g3 c6 9.Bg2 Qe7
10.O-O Na6 11.dxe6 dxe6 12.b4 O-O 13.Bb2 Rfd8 14.Qc2 c5 15.Bxb7 Qxb7 16.b5 Nc7
17.Nf4 Kf7 18.Rad1 Bxf4 19.exf4 Nce8 20.Qe2 Rd6 21.Rxd6 Nxd6 22.Rd1 Rd8 23.Nb1 Qe4
24.Qxe4 Nfxe4 25.Be5 Ke7 26.f3 Nf6 27.Bxd6+ Rxd6 28.Rxd6 Kxd6 29.Kf2 h6 30.Nd2 Ne8
31.Ke3 Ke7 32.g4 Nd6 33.h4 h5 34.g5 Nf7 35.Nf1 Nh8 36.Ng3 Ng6 37.Nxh5 Nxh4
38.Kf2 Kf7 39.Ng3 Kf8 40.Nf1 Ke7 41.Nd2 Kd6 42.a4 e5 43.fxe5+ Kxe5 44.Nb3 f4
45.a5 Nf5 46.a6 Nd4 47.Nd2 Nf5 48.Nb3 Nd6 49.Na5 Kd4 50.Nc6+ Kxc4 51.Nxa7 Kd3
52.Nc6 Nxb5 53.Ne5+ Kd4 54.Nd7 Nc7 55.a7 b5 56.Ke2 b4 57.Kd2 c4 58.Kc2 Na8
59.g6 c3 60.Kb3 Kd3 61.Nc5+ Ke3 62.Kxb4 c2 63.Nb3 Kxf3 64.Kc3 Ke3 65.Kxc2 f3
66.Nd2 f2 67.Nf1+ Ke2 68.Ng3+ Kf3 69.Nf1 Ke2 70.Nh2 Nc7 71.Kb3 Ke3  1/2-1/2

[Event "Empresa B"]
[Site "Montreal CAN"]
[Date "2006.08.13"]
[Round "6"]
[White "Krush,I"]
[Black "Lawson,E"]
[Result "1/2-1/2"]
[WhiteElo "2436"]
[BlackElo "2393"]

1.d4 Nf6 2.c4 e6 3.Nc3 Bb4 4.e3 O-O 5.a3 Bxc3+ 6.bxc3 b6 7.Bd3 Nc6 8.e4 e5
9.Ne2 h6 10.O-O d6 11.f4 Ba6 12.fxe5 dxe5 13.d5 Na5 14.Ng3 Bxc4 15.Nf5 Kh7
16.Rb1 Rh8 17.Qf3 Bxd3 18.Qxd3 Kg8 19.Bxh6 Rxh6 20.Nxh6+ gxh6 21.Qg3+ Kf8
22.Qxe5 Ng8 23.Rxf7+ Kxf7 24.Rf1+ Nf6 25.Qe6+ Kg7 26.e5 Nh7 27.Rf7+ Kh8 28.Qxh6 Qg8
29.e6 Qxf7 30.exf7 Rf8 31.Qg6 b5 32.Qa6 Nc4 33.Qxb5 Nd6 34.Qc5 Rxf7 35.Qxa7 Nf6
36.Qd4 Kg7 37.Qe5 Rf8 38.Qe7+ Rf7 39.Qe5 Rf8 40.c4 Re8 41.Qg3+ Kf7 42.c5 Rb8
43.h3 Rb1+ 44.Kh2 Nde8 45.Qd3 Rb8 46.a4 Rd8 47.d6 cxd6 48.cxd6 Rxd6 49.Qc4+ Nd5
50.g4 Nc7 51.g5 Rb6 52.Kg3 Rb4 53.Qc2 Kg7 54.h4 Rg4+ 55.Kh3 Rg1 56.Qf2 Rd1
57.Qb2+ Kf7 58.Kg4 Rg1+ 59.Kf5 Rg2 60.Qb3 Rf2+ 61.Ke5 Re2+ 62.Kd6 Re6+ 63.Kc5 Re3
64.Qb1 Ke6 65.Qg6+ Ke5 66.Qg7+ Kf5 67.Kc6 Rc3+ 68.Kb7 Ne6 69.Qh8 Rc7+ 70.Kb8 Nc5
71.Qf6+ Nxf6 72.Kxc7 Ne8+ 73.Kd8 Ng7 74.Ke7 Nxa4 75.Kf7 Nh5 76.g6 Kg4 77.g7 Nxg7  1/2-1/2

[Event "USCL"]
[Site "ICC INT"]
[Date "2006.08.30"]
[Round "1"]
[White "Rogers,N"]
[Black "Krush,I"]
[Result "1/2-1/2"]
[WhiteElo "2260"]
[BlackElo "2436"]

1.e4 c5 2.Nf3 Nc6 3.d4 cxd4 4.Nxd4 Nf6 5.Nc3 d6 6.Bc4 Bd7 7.Bb3 g6 8.f3 Nxd4
9.Qxd4 Bg7 10.Bg5 O-O 11.Qd2 b5 12.Bh6 a5 13.a4 bxa4 14.Nxa4 Qb8 15.Bxg7 Kxg7
16.O-O Bxa4 17.Rxa4 Qb6+ 18.Qf2 Nd7 19.Rfa1 Nc5 20.R4a3 Rab8 21.R1a2 Rfc8
22.h4 h5 23.Bd5 e6 24.Bb3 Nxb3 25.Qxb6 Rxb6 26.Rxb3 Rxb3 27.cxb3 Rc5 28.Ra4 Rb5
29.Ra3 f5 30.exf5 gxf5 31.Kf2 f4 32.g3 fxg3+ 33.Kxg3 Kf6 34.Kf4 e5+ 35.Kg3 Kf5
36.b4 axb4 37.Ra8 Rd5 38.Rh8 Kg6 39.Rg8+ Kf7 40.Rh8 Rd2 41.Rxh5 Rxb2 42.Rh7+ Kg6
43.Rb7 Kf5 44.Rb6 d5 45.h5 Rb1 46.Kg2 Kf4 47.h6 Rb2+ 48.Kg1 Rb1+ 49.Kg2 Rb2+
50.Kg1 Rc2 51.h7 Rc8 52.Kg2 Rh8 53.Rxb4+ d4 54.Rb7 Ke3 55.Re7 d3 56.Rxe5+ Kd4
57.Re7 d2 58.Rd7+ Ke3 59.Re7+ Kd3 60.Rd7+ Ke2 61.Re7+ Kd3 62.Rd7+ Ke2  1/2-1/2

[Event "USCL"]
[Site "ICC INT"]
[Date "2006.09.25"]
[Round "5"]
[White "Tangborn,E"]
[Black "Krush,I"]
[Result "0-1"]
[WhiteElo "2455"]
[BlackElo "2436"]

1.c4 e6 2.Nf3 d5 3.g3 dxc4 4.Qa4+ Nd7 5.Bg2 a6 6.Qxc4 b5 7.Qc2 Bb7 8.O-O c5
9.b3 Be7 10.Bb2 Bf6 11.Nc3 Ne7 12.Rad1 Rc8 13.e3 O-O 14.Ng5 Bxg5 15.Bxb7 Rb8
16.Bg2 Bf6 17.d4 cxd4 18.Ne4 Be5 19.Ng5 Ng6 20.Nf3 d3 21.Rxd3 Rc8 22.Qd2 Bxb2
23.Qxb2 Qc7 24.Nd4 b4 25.Rfd1 Nf6 26.Nc6 a5 27.f4 Qb6 28.Ne5 Ne7 29.Kh1 Ned5
30.Nc4 Qc5 31.Qd4 Qxd4 32.Rxd4 Ng4 33.Re1 Ndxe3 34.Rxe3 Nxe3 35.Nxe3 Rfd8
36.Rxd8+ Rxd8 37.Bc6 Rd2 38.Nc4 Rxa2 39.Ba4 f6 40.Nxa5 Kf7 41.Nc6 Rxa4  0-1

[Event "USCL"]
[Site "ICC INT"]
[Date "2006.10.18"]
[Round "8"]
[White "Foygel,I"]
[Black "Krush,I"]
[Result "1-0"]
[WhiteElo "2469"]
[BlackElo "2436"]

1.c4 e5 2.Nc3 Nf6 3.Nf3 Nc6 4.d4 exd4 5.Nxd4 Bb4 6.g3 Ne4 7.Qd3 Nxc3 8.bxc3 Be7
9.f4 O-O 10.Bg2 Rb8 11.O-O Na5 12.Nb3 b6 13.Nxa5 bxa5 14.Be3 c5 15.Be4 h6
16.Bd5 d6 17.Rab1 Rb6 18.Rfd1 Bf6 19.Bf2 Qc7 20.Rxb6 axb6 21.Qf3 Ba6 22.g4 Qe7
23.Rd3 b5 24.cxb5 Bxb5 25.c4 Ba4 26.Ra3 Qd7 27.h4 Bb2 28.Rd3 g6 29.g5 h5
30.f5 Kg7 31.Re3 Re8 32.Rxe8 Qxe8 33.Bg3 Bd4+ 34.Kf1 Bd7 35.fxg6 fxg6 36.Bxd6 Bf5
37.Qb3 Bg4 38.e3 Ba1 39.Bxc5 Bh3+ 40.Kf2 Be6 41.Qb7+ Kh8 42.Qe7  1-0

[Event "USCL"]
[Site "ICC INT"]
[Date "2006.10.25"]
[Round "9"]
[White "Krush,I"]
[Black "Lopez,B"]
[Result "1/2-1/2"]
[WhiteElo "2436"]
[BlackElo "2411"]

1.d4 Nf6 2.c4 g6 3.Nc3 Bg7 4.e4 d6 5.Be2 O-O 6.Bg5 c5 7.d5 h6 8.Be3 e6 9.dxe6 Bxe6
10.Qd2 Qb6 11.Bxh6 Bxh6 12.Qxh6 Qxb2 13.Rc1 Nc6 14.h4 Ne5 15.Nh3 Bxh3 16.Rxh3 Nfg4
17.Qf4 f5 18.Rb1 Qc2 19.Rc1 Qb2 20.Rb1 Qc2 21.Rc1 Qb2  1/2-1/2

[Event "USCL Wildcard"]
[Site "ICC INT"]
[Date "2006.11.08"]
[Round "1"]
[White "Hoekstra,M"]
[Black "Krush,I"]
[Result "0-1"]
[WhiteElo "2363"]
[BlackElo "2436"]

1.d4 d5 2.Nf3 Nf6 3.c4 dxc4 4.Nc3 c6 5.a4 Bf5 6.Nh4 Bg4 7.h3 Bh5 8.g4 Bg6
9.Nxg6 hxg6 10.e3 e6 11.Bxc4 Nbd7 12.a5 a6 13.Qb3 Qc7 14.e4 Be7 15.g5 Nh5
16.Be3 Nf4 17.O-O-O Bxg5 18.Kb1 O-O 19.Rdg1 Bh6 20.Rg4 b5 21.axb6 Nxb6 22.d5 cxd5
23.Bxb6 Qxc4 24.Qxc4 dxc4 25.Kc2 Nd3 26.Bd4 Rad8 27.Bb6 Rd6 28.Na4 Nxf2 29.Bxf2 Rd2+
30.Kc3 Rxf2 31.Kxc4 Rc8+ 32.Kb3 Rb8+ 33.Ka3 Bf4 34.Rd1 Be5  0-1

[Event "90th ch-Marshall CC"]
[Site "New York USA"]
[Date "2006.12.02"]
[Round "3"]
[White "Privman,B"]
[Black "Krush,I"]
[Result "0-1"]
[WhiteElo "2266"]
[BlackElo "2443"]

1.d4 d5 2.Bg5 f6 3.Bf4 Nc6 4.e3 e5 5.Bg3 Nh6 6.Nc3 Bb4 7.dxe5 fxe5 8.Qh5+ Nf7
9.O-O-O Bxc3 10.bxc3 Qd6 11.Kb2 Be6 12.Nf3 O-O-O 13.Nd4 Kb8 14.Nxe6 Qxe6
15.Be2 Nd6 16.Qg4 Qxg4 17.Bxg4 h5 18.Bf3 h4 19.Bxd5 hxg3 20.hxg3 Na5 21.Rh4 c6
22.Rxh8 Rxh8 23.Be6 Kc7 24.a4 Re8 25.Bg4 Rf8  0-1

[Event "90th ch-Marshall CC"]
[Site "New York USA"]
[Date "2006.12.03"]
[Round "4"]
[White "Krush,I"]
[Black "Ehlvest,J"]
[Result "0-1"]
[WhiteElo "2443"]
[BlackElo "2597"]

1.d4 d5 2.c4 dxc4 3.Nf3 c6 4.e3 Be6 5.Nc3 b5 6.a4 b4 7.Ne4 Nf6 8.Nc5 Bd5
9.Bd2 e6 10.Bxb4 Nbd7 11.Be2 Rb8 12.Bc3 Bxc5 13.dxc5 Ne4 14.O-O O-O 15.Qd4 Nxc3
16.bxc3 Rb2 17.Bxc4 e5 18.Qg4 h5 19.Qh3 Bxc4 20.Rfd1 Be6 21.Qxh5 Qf6  0-1

[Event "90th ch-Marshall CC"]
[Site "New York USA"]
[Date "2006.12.09"]
[Round "7"]
[White "Ivanov,AV USA"]
[Black "Krush,I"]
[Result "1/2-1/2"]
[WhiteElo "2587"]
[BlackElo "2443"]

1.e4 c5 2.Nf3 d6 3.d4 cxd4 4.Nxd4 Nf6 5.Nc3 Nc6 6.Bc4 Bd7 7.O-O e6 8.Be3 Be7
9.f4 O-O 10.Bb3 Nxd4 11.Bxd4 Bc6 12.Qe2 b5 13.Nxb5 Bxb5 14.Qxb5 Nxe4 15.Qd3 Nc5
16.Bxc5 dxc5 17.Qxd8 Raxd8 18.f5 exf5 19.Rxf5 g6 20.Rf4 Bg5 21.Re4 Kg7 22.Rae1 Rd2
23.R1e2 Rfd8 24.Kf2 f5 25.Ra4 R8d7 26.Bc4 Rxe2+ 27.Bxe2 Bc1 28.b3 f4 29.Bd3 Kf6
30.Kf3 Ke5 31.h4 Re7 32.Be4 Rc7 33.Rc4 Kd6 34.Ke2 Rd7 35.Ra4 Ke5 36.Bd3 Re7
37.Kd1 Be3 38.c3 Kd5 39.Kc2 Ke5 40.Ra5 Bf2 41.h5 gxh5 42.Be2 h4 43.Ra6 Ke4
44.Bf3+ Ke3 45.Rh6 Be1 46.Bc6 Rg7 47.Rh5 Rc7 48.Rh6 Kf2 49.Be4 Kg3 50.Kd3 Re7
51.Rh5 Bxc3 52.Rg5+ Kf2 53.Rg4 Be5 54.Rxh4 Rd7+ 55.Kc2 Rd4 56.Bf3 Rd7 57.Rh5 Bd4
58.Kd3 Be3+ 59.Kc4  1/2-1/2

[Event "OCF Winter NAO FIDE Op"]
[Site "Stillwater USA"]
[Date "2007.02.18"]
[Round "3"]
[White "Krush,I"]
[Black "Plunkett,R"]
[Result "1-0"]
[WhiteElo "2449"]
[BlackElo "2076"]

1.d4 Nf6 2.c4 g6 3.Nc3 Bg7 4.e4 O-O 5.Be2 d6 6.Bg5 c5 7.d5 e6 8.dxe6 Bxe6
9.Qd2 Qa5 10.Nf3 Nc6 11.O-O Rfe8 12.h3 Nd4 13.Nxd4 cxd4 14.Nd5 Qxd2 15.Nxf6+ Bxf6
16.Bxd2 Rac8 17.Rac1 Bg7 18.Bd3 Rc6 19.b3 a5 20.a4 b6 21.g4 Rc7 22.f3 Bc8
23.Kg2 Bb7 24.h4 Kh8 25.Rh1 h5 26.gxh5 gxh5 27.Kf2 Rg8 28.Rcg1 f6 29.Bc1 f5
30.Rg5 Be5 31.Rxh5+ Rh7 32.Rxf5 Bg3+ 33.Kf1 Bc8 34.Rg5 Bxh4 35.Rxg8+ Kxg8
36.e5 Rh8 37.exd6 Bf6 38.Rxh8+ Bxh8 39.Bg5 Kf7 40.Bd8  1-0

[Event "OCF Winter NAO FIDE Op"]
[Site "Stillwater USA"]
[Date "2007.02.18"]
[Round "4"]
[White "Shabalov,A"]
[Black "Krush,I"]
[Result "1-0"]
[WhiteElo "2602"]
[BlackElo "2449"]

1.e4 c5 2.Nf3 d6 3.d4 cxd4 4.Nxd4 Nf6 5.Nc3 Nc6 6.Bg5 e6 7.Qd2 Qb6 8.Nb3 Be7
9.Bd3 O-O 10.O-O Rd8 11.Rae1 a6 12.Re3 h6 13.Bxf6 Bxf6 14.Rg3 Kf8 15.Kh1 Qc7
16.f4 b5 17.Nd1 Bb7 18.Ne3 Ne7 19.Ng4 Ng8 20.Qe3 Bxb2 21.e5 dxe5 22.fxe5 Rxd3
23.cxd3 h5 24.Qf2 Bc3 25.d4 b4 26.Ne3 Nh6 27.Qf4 Qe7 28.Nc5 Bc6 29.Ne4 h4
30.Rh3 Bxe4 31.Qxe4 Rd8 32.d5 Kg8 33.Rxh4 Nf5 34.Rh3 Qg5 35.dxe6 fxe6 36.Nxf5 Qxf5
37.Rh8+  1-0